000 03281nab a2200277 i 4500
003 BR-BrBNA
005 20240320151326.0
008 240320b2012 bl.qr|pooa||| 00| 0 por |
040 _aBR-BrBNA
_bpor
072 _aQ02
100 _aGindri, A.L.
100 _aLaporta, L.V.
100 _aSantos, M.R.
245 _aControle microbiológico de drogas vegetais comercializadas na região central do Rio Grande do Sul
500 _aPublicação on-line; 13 ref.; 8 tables; Summaries (En, Pt)
520 _a RESUMO: O objetivo deste trabalho foi analisar a qualidade microbiológica de 40 amostras de matérias-primas de fitoterápicos coletadas de farmácias de manipulação da região central Rio Grande do Sul. Foram realizados os testes de contagem de microrganismos viáveis e pesquisa e identificação de patógenos, ambos de acordo com a Farmacopéia Brasileira. Os resultados obtidos mostraram que há presença de microrganismos nas amostras, entretanto, em nenhuma delas, o valor de UFC g-1 ultrapassou o limite estabelecido para fitoterápicos na Farmacopéia Britânica, tanto para bactérias como para fungos. No teste de pesquisa e identificação de patógenos comprovou-se que não havia a presença de Pseudomonas aeruginosa, Salmonella sp, Staphylococcus aureus e Escherichia coli, nas amostras analisadas. As amostras estão aptas a serem comercializadas, pois todas estavam dentro dos limites especificados, e foram aprovadas pelo teste de controle de qualidade microbiológico. Palavras-chave: controle de qualidade microbiológico, farmácia de manipulação, plantas medicinais
520 _a ABSTRACT: Microbiological control of medicinal drugs commercialized in the central region of Rio Grande do Sul, Brazil. The aim of this study was to analyze the microbiological quality of 40 samples of raw material for herbal medicines collected from compounding pharmacies in the center of Rio Grande do Sul, Brazil. Count of viable microorganisms and search and identification of pathogens were performed, both according to the Brazilian Pharmacopoeia. Results showed that there were microorganisms in the samples; however, in none of them, the value of CFU g-1 was above the limit established for herbal medicines by the British Pharmacopoeia, both for bacteria and fungi. The search and identification of pathogens indicated that there was no Pseudomonas aeruginosa, Salmonella sp, Staphylococcus aureus and Escherichia coli in the analyzed samples. The samples can be commercialized because all of them were within the allowed limits and were approved in the test for microbiological quality control. Key words: microbiological quality control, compounding pharmacy, medicinal plants
650 _aCONTROLE DE QUALIDADE
650 _aANÁLISE MICROBIOLÓGICA
650 _aFARMÁCIA
650 _aPLANTA MEDICINAL
773 0 _03543
_9313916
_dBotucatu-SP Instituto de Biociências - Departamento de Química e Bioquímica 1998
_o2024-0186
_tRevista Brasileira de Plantas Medicinais (Brazil)
_x1516-0572
_gv. 14(3) p. 563-570; (2012)
_wBR2024000372
856 _uhttps://www.scielo.br/j/rbpm/a/DKBsP5fVjN65KZh9jy7X6SQ/?format=pdf&lang=pt
942 _cAnalítica
999 _c298874
_d298874